Library Banner

Arz mojaz lamtahf astanbol tareekh alaloom wa altaknolojia fil islam = عرج موجز لمتحف استانبول لتاریخ العلوم والتکنوجیا فیی السلام / (Record no. 111128)

MARC details
000 -LEADER
fixed length control field 00649nam a22001577a 4500
005 - DATE AND TIME OF LATEST TRANSACTION
control field 20190306104352.0
008 - FIXED-LENGTH DATA ELEMENTS--GENERAL INFORMATION
fixed length control field 190306b ||||| |||| 00| 0 eng d
040 ## - CATALOGING SOURCE
Transcribing agency PK-LaUMT
082 ## - DEWEY DECIMAL CLASSIFICATION NUMBER
Classification number 509.17671
Item number FAW-A
100 ## - MAIN ENTRY--PERSONAL NAME
Personal name Fawad Sircan = فواد سرکین
245 ## - TITLE STATEMENT
Title Arz mojaz lamtahf astanbol tareekh alaloom wa altaknolojia fil islam = عرج موجز لمتحف استانبول لتاریخ العلوم والتکنوجیا فیی السلام /
Statement of responsibility, etc Fawad Sircan = فواد سرکین
260 ## - PUBLICATION, DISTRIBUTION, ETC. (IMPRINT)
Place of publication, distribution, etc Turkey :
Name of publisher, distributor, etc Institut fur Geschichte der Arabisch-Islamischen Wissejnschyafte,
Date of publication, distribution, etc 2010
300 ## - PHYSICAL DESCRIPTION
Extent 214 p.
546 ## - LANGUAGE NOTE
Language note Arabic
942 ## - ADDED ENTRY ELEMENTS (KOHA)
Koha item type Books
Holdings
Withdrawn status Lost status Damaged status Home library Current library Date acquired Full call number Barcode Date last seen Price effective from Koha item type
      UMT Main Campus UMT Main Campus 2019-03-06 509.17671 FAW-A 128712 2019-03-06 2019-03-06 Books